Fundamentos del análisis social: la realidad social y su conocimiento

Saved in:
Bibliographic Details
Main Author: Osorio, Jaime (autor)
Format: Book
Language:Spanish
Published: Ciudad de México Universidad Autónoma Metropolitana 2001
Edition:1a. ed
Series:Sociología
Subjects:
Tags: Add Tag
No Tags, Be the first to tag this record!

MARC

LEADER 00000cam a2200000 a 4500
001 UCM7548
003 CL-VaPUC
008 021227e20010000MX |||||||||||||||||spa|d
020 |a 9789681662264 
082 0 4 |a 302  |b OSO  |2 21 
100 |a Osorio, Jaime  |e autor  |9 473190 
245 1 0 |a Fundamentos del análisis social: la realidad social y su conocimiento 
250 |a 1a. ed 
300 |a 176 p 
942 |c BK 
945 |d 20021227 00:00:00  |a vberengu 
260 |a Ciudad de México  |b Universidad Autónoma Metropolitana  |c 2001 
650 0 |a Sociología   |9 255410 
650 0 |a Sociedad  |9 307903 
650 0 |a Clases sociales  |9 256858 
650 7 |a INDIVIDUO  |2 CL-VaPUC  |9 334576 
650 0 |a Relaciones sociales  |9 376480 
583 |a last modification  |c 20140107 02:42:01  |k Rodrigo Vera 
490 0 |a Sociología 
999 |c 302309  |d 302307 
952 |0 0  |1 0  |4 0  |6 302_000000000000000_OSO_2001  |7 0  |8 A  |9 362715  |a BIBEDU  |b BIBEDU  |d 2019-11-21  |i 3868672  |o 302 OSO 2001  |p 3868672  |r 2019-11-21  |w 2019-11-21  |y BK  |k PSI 
952 |0 0  |1 0  |3 erb  |4 0  |6 302_000000000000000_OSO_2001  |7 0  |8 A  |9 362716  |a BIBING  |b BIBING  |i 5045045  |o 302 OSO 2001  |p 5045045  |r 2025-01-20  |w 2019-11-21  |y BK  |z Catalogado en:20140109  |k GEO